| 000 | 00826mam a2200277 a 4500 | ||
|---|---|---|---|
| 001 | 2163096 | ||
| 005 | 20151020115304.0 | ||
| 008 | 900427r19901946cau 000 1 eng | ||
| 010 | _a 90036181 //r952 | ||
| 020 |
_a0151047723 : _c$15.95 |
||
| 035 | _a(OCoLC)21600974 | ||
| 035 | _a(OCoLC)ocm21600974 | ||
| 035 | _a(NNC)2163096 | ||
| 040 |
_aDLC _cDLC _dDLC _dOCoLC _dDLC |
||
| 050 | 0 | 0 |
_aPS3545.A748 _bA78 1990 |
| 082 | 0 | 0 |
_a813/.52 _220 |
| 100 | 1 |
_aWarren, Robert Penn, _d1905-1989. _920342 |
|
| 245 | 1 | 0 |
_aAll the king's men / _cRobert Penn Warren. |
| 260 |
_aNew York _bBantam books _c1951 |
||
| 300 |
_a531 p. ; _c18cm. |
||
| 490 | 1 | _aAn HBJ modern classic | |
| 650 | 0 |
_aPoliticians _zSouthern States _vFiction. _920343 |
|
| 655 | 7 |
_aPolitical fiction. _2lcsh _920344 |
|
| 942 |
_2lcc _cMONOGRAPH |
||
| 999 |
_c123546 _d123546 |
||